000 00453nam a2200181Ia 4500
001 1963
005 20260306143807.0
008 260306t2012||||xx |||||||||||||| ||spa||
041 _aESP
082 _a158.7
_bG45I
100 _aGil Rodríguez, Francisco
_eAUT
245 0 _aIntroducción a la psicología de las organizaciones
260 _c2012
300 _a599 páginas :
_c24 cm.
650 _aGEN
654 _aCPS
942 _cLIB
_dJUS
_fJUS
_2ddc
_n
999 _c1963
_d1963